000 00531nam a2200181Ia 4500
008 090124s9999 xx 000 0 und d
082 _b7711
100 _aदाते प.रा.
245 _a थरारली शिवशाही
250 _a1
260 _bदाते प.रा.
_c1975
300 _a55
600 _aदाते प.रा.
630 _a थरारली शिवशाही
700 _aदाते प.रा.
730 _a थरारली शिवशाही
942 _cBOOK
999 _c85045
_d85045